000 00569nam a2200181 a 4500
005 20210219160036.0
008 080618s1974 mx r 000 0 spa d
035 _aUPN01000157041
049 _aUNE
080 _a972 (725.1) SAN.
100 1 _aSánchez García, Alfonso
245 1 0 _aHistoria del Estado de México /
_cAlfonso Sánchez García.
260 _aMéxico :
_bDirección de Prensa y Relaciones Públicas del Gobierno del Estado de México,
_c1974.
300 _a756 p.
690 _aHistoria- México
690 _aMéxico- Historia
905 _aUNESCO
999 _c129155
_d129155